Zootecnia: enfermedades de los animales, cómo se reproducen los animales /

Guardado en:
Formato: Libro
Publicado: Roma : Organización de las Naciones Unidas para la Agricultura y la Alimentación., 1978
Materias:
Etiquetas: Agregar Etiqueta
Sin Etiquetas, Sea el primero en etiquetar este registro!
LEADER 00530nam a22001575a 4500
001 CEM.cems015629
005 20130531161105.0
008 130507s1978##################000#0#####d
003 CEMS
082 0 4 |a 636 
245 0 0 |a Zootecnia: enfermedades de los animales, cómo se reproducen los animales /  |c , 
260 |a Roma :  |b Organización de las Naciones Unidas para la Agricultura y la Alimentación.,  |c 1978 
300 |a 33 p. 
653 |a Ganadería 
653 |a Zootecnia 
859 |a CEMS  |b BIB. CEMS - Agricultura  |h 636  |i Z767  |p A9239.81  |t Ej.1  |v 9  |3 9